Convenio constitutivo de la Organización Latinoamericana de Energía

Na minha lista:
Detalhes bibliográficos
Autor Corporativo: Organización Latinoamericana de Energía
Formato: Texto
Publicado em: Lima: OLADE
Tags: Adicionar Tag
Sem tags, seja o primeiro a adicionar uma tag!

MARC

LEADER 00000 a a2200000 04500
001 22640
003
040 |a CRAI/IIS  |c CRAI/IIS 
090 |a 155100  
110 |a Organización Latinoamericana de Energía  
245 |a Convenio constitutivo de la Organización Latinoamericana de Energía  
260 |a Lima:   |b OLADE  
300 |a s. p.  
999 |c 12231  |d 12231